Normal view
MARC view
- Callaway.jason
Entry Personal Name
001 - CONTROL NUMBER
- control field: 6723
003 - CONTROL NUMBER IDENTIFIER
- control field: JO-AjAnu
005 - DATE AND TIME OF LATEST TRANSACTION
- control field: 20230606071405.0
008 - FIXED-LENGTH DATA ELEMENTS
- fixed length control field: 230606|| aca||aabn | a|a d
040 ## - CATALOGING SOURCE
- Original cataloging agency: JO-AjAnu
- Transcribing agency: JO-AjAnu
100 ## - HEADING--PERSONAL NAME
- Personal name: Callaway.jason
670 ## - SOURCE DATA FOUND
- Source citation: Work cat.: (JO-AjAnu)3485: Callaway.jason, author, Computer NetWorking 2 Books in 1 All you Need to Know to Become a Networking Engineer form Scratch: Wireless Technologies ,Network system, IP subnetting,Cybersecurity,and much more